[Event "Split op 9th"]
[Site "Split"]
[Date "2019.08.09"]
[Round "7"]
[White "Mencinger, Vojko"]
[Black "Schoonenberg, Olav"]
[Result "1-0"]
[WhiteElo "2327"]
[BlackElo "2153"]
[PlyCount "99"]
[EventDate "2019.08.03"]
[EventType "swiss"]
[EventRounds "9"]
[EventCountry "CRO"]
[SourceTitle "CBM 191 Extra"]
[Source "ChessBase"]
[SourceDate "2019.09.30"]
[SourceVersion "1"]
[SourceVersionDate "2019.09.30"]
[SourceQuality "1"]

1. e4 c5 2. Nf3 g6 3. c3 Bg7 4. h3 Nf6 5. e5 Nd5 6. d4 cxd4 7. cxd4 0-0 8. Bc4 Nc7 9. 0-0 d6 10. exd6 Qxd6 11. Nc3 Nc6 12. Be3 Bf5 13. g4 Na5 14. Be2 Be6 15. Qa4 b6 16. Ne5 Nd5 17. Nb5 Bd7 18. Nxd7 Qxd7 19. Nc3 Qxa4 20. Nxa4 Rac8 21. Rac1 Nxe3 22. fxe3 Bh6 23. Kf2 f5 24. Rxc8 Rxc8 25. gxf5 gxf5 26. Bd3 e6 27. Ke2 Nc6 28. Nc3 f4 29. Ba6 Rc7 30. d5 Nb4 31. d6 Rd7 32. Ne4 Kf7 33. Bb5 Rd8 34. exf4 Nxa2 35. Bc4 Nb4 36. f5 Nd5 37. fxe6+ Kxe6 38. Nc3 Kxd6 39. Nxd5 Kc5 40. Bb3 Rxd5 41. Bxd5 Kxd5 42. Rf7 Bc1 43. b3 h6 44. Rxa7 Kc6 45. Kd3 Kb5 46. Ra4 Bg5 47. Rc4 Ka5 48. h4 Be7 49. h5 Kb5 50. Ke4 1-0

[Event "Goch op 22nd"]
[Site "Goch"]
[Date "2011.10.02"]
[Round "6"]
[White "Schoonenberg, Olav"]
[Black "Beukema, Stefan"]
[Result "1/2-1/2"]
[WhiteElo "2091"]
[BlackElo "2209"]
[PlyCount "39"]
[EventDate "2011.09.29"]
[EventType "swiss"]
[EventRounds "7"]
[EventCountry "GER"]
[SourceTitle "EXT 2014"]
[Source "ChessBase"]
[SourceDate "2013.11.20"]
[SourceVersion "1"]
[SourceVersionDate "2013.11.20"]
[SourceQuality "1"]

1. e4 e5 2. Nf3 Nc6 3. Bc4 Bc5 4. 0-0 Nf6 5. d4 exd4 6. e5 d5 7. exf6 dxc4 8. fxg7 Rg8 9. Re1+ Be6 10. Bg5 Qd7 11. Nbd2 Be7 12. Ne4 Bxg5 13. Nfxg5 0-0-0 14. Nf6 Qe7 15. Nxe6 Qxf6 16. Nxd8 Qxg7 17. Qf3 Rxd8 18. Rad1 Qg6 19. Qe4 f5 20. Qe2 1/2-1/2

[Event "Goch op 22nd"]
[Site "Goch"]
[Date "2011.09.30"]
[Round "3"]
[White "Schoonenberg, Olav"]
[Black "Coenen, Michael"]
[Result "1-0"]
[WhiteElo "2091"]
[BlackElo "2326"]
[PlyCount "64"]
[EventDate "2011.09.29"]
[EventType "swiss"]
[EventRounds "7"]
[EventCountry "GER"]
[SourceTitle "EXT 2014"]
[Source "ChessBase"]
[SourceDate "2013.11.20"]
[SourceVersion "1"]
[SourceVersionDate "2013.11.20"]
[SourceQuality "1"]

1. e4 c5 2. b3 d6 3. Bb2 e5 4. Bb5+ Nd7 5. Ne2 Ngf6 6. 0-0 Be7 7. f4 0-0 8. Bxd7 Bxd7 9. Nbc3 b5 10. Ng3 Bc6 11. d3 exf4 12. Nf5 Re8 13. Rxf4 Bf8 14. Nh6+ gxh6 15. Nd5 Nxd5 16. Rg4+ Qg5 17. Rxg5+ hxg5 18. exd5 Bxd5 19. Qg4 Be7 20. Re1 f6 21. Qf5 Bc6 22. Bxf6 Bxf6 23. Rxe8+ Rxe8 24. Qxf6 Re2 25. Qd8+ Be8 26. Qxg5+ Bg6 27. h4 Kf8 28. h5 Bf7 29. Qd8+ Kg7 30. h6+ Kg6 31. Qf8 Bd5 32. Qxd6+ Be6 1-0

[Event "Goch op 20th"]
[Site "Goch"]
[Date "2009.10.04"]
[Round "7"]
[White "Westermann, Walter"]
[Black "Schoonenberg, Olav"]
[Result "0-1"]
[WhiteElo "1715"]
[BlackElo "2006"]
[PlyCount "20"]
[EventDate "2009.10.01"]
[EventType "swiss"]
[EventRounds "7"]
[EventCountry "GER"]
[SourceTitle "EXT 2011"]
[Source "ChessBase"]
[SourceDate "2010.11.26"]
[SourceVersion "1"]
[SourceVersionDate "2010.11.26"]
[SourceQuality "1"]

1. e4 c5 2. c3 d5 3. exd5 Qxd5 4. d4 Nf6 5. Nf3 Nc6 6. Bb5 cxd4 7. Bxc6+ Qxc6 8. Qxd4 Bg4 9. Nbd2 Qa6 10. Ne5 Qe2# 0-1

[Event "Goch op 20th"]
[Site "Goch"]
[Date "2009.10.02"]
[Round "3"]
[White "Schoonenberg, Olav"]
[Black "Villwock, Martin"]
[Result "0-1"]
[WhiteElo "2006"]
[BlackElo "2211"]
[PlyCount "103"]
[EventDate "2009.10.01"]
[EventType "swiss"]
[EventRounds "7"]
[EventCountry "GER"]
[SourceTitle "EXT 2011"]
[Source "ChessBase"]
[SourceDate "2010.11.26"]
[SourceVersion "1"]
[SourceVersionDate "2010.11.26"]
[SourceQuality "1"]

1. Nf3 c5 2. c4 Nc6 3. Nc3 e5 4. g3 g6 5. Bg2 Bg7 6. 0-0 Nge7 7. a3 a5 8. Ne1 0-0 9. Nc2 d6 10. Ne3 Be6 11. Ned5 f5 12. d3 h6 13. e3 Rb8 14. Bd2 Kh8 15. Rb1 Qd7 16. f4 Bf7 17. Qa4 Rfd8 18. Rfd1 g5 19. Nxe7 Qxe7 20. Bxc6 bxc6 21. Qxc6 Bh5 22. Nd5 Qf7 23. Re1 Bf3 24. Bxa5 Qh5 25. Bxd8 Qh3 26. Re2 Bxe2 27. Bf6 Rg8 28. Bxg7+ Rxg7 29. Nf6 Rf7 30. fxe5 dxe5 31. Qa8+ Kg7 32. Ne8+ Kg6 33. Qg2 Qxg2+ 34. Kxg2 Bxd3 35. Rc1 Rb7 36. b4 cxb4 37. axb4 Rxb4 38. Nd6 Rb2+ 39. Kg1 f4 40. gxf4 gxf4 41. exf4 exf4 42. Rd1 Be2 43. Re1 Bf3 44. Ne4 Rg2+ 45. Kf1 Rc2 46. c5 Kf5 47. Nd6+ Kg4 48. Re6 Bg2+ 49. Kg1 Kf3 50. Re1 Rxc5 51. Ne4 Rc2 52. Nf2 0-1

[Event "IECG C1.2000.0.00282"]
[Site "IECG email"]
[Date "2000.05.16"]
[Round "?"]
[White "Pavillar, Paul Newneil"]
[Black "Schoonenberg, Olav"]
[Result "1-0"]
[WhiteElo "1805"]
[BlackElo "1850"]
[PlyCount "25"]
[EventDate "2000.05.20"]
[EventType "tourn (corr)"]
[EventRounds "5"]
[SourceTitle "Corr 2008"]
[Source "ChessBase"]
[SourceDate "2008.06.24"]
[SourceVersion "1"]
[SourceVersionDate "2008.06.24"]
[SourceQuality "1"]

1. e4 c5 2. Nf3 e6 3. d4 cxd4 4. Nxd4 Nf6 5. Nc3 Bb4 6. Ndb5 a6 7. Nd6+ Kf8 8. a3 Bxc3+ 9. bxc3 Qc7 10. Qd3 Nc6 11. Be2 Ne5 12. Qd2 Ne8 13. a4 1-0